000
00263nam a2200097Ia 4500
001
800407
005
20250826171018.0
008
250824s9999 xx 000 0 und d
245
0
_a
BENDE AKSİYON BİTMEZ
_c
ŞEBNEM GÜLER KARACAN
260
_b
UĞUR BÖCEĞİ YAYINLARI
999
_c
800407
_d
800407